Urban Development in Southern Europe : Spain and Portugal /

Zapisane w:
Opis bibliograficzny
1. autor: Gutkind, E.A (autor)
Format: Książka
Język:angielski
Wydane: Nueva York, EUA : Free Press, 1967, c1967
Etykiety: Dodaj etykietę
Nie ma etykietki, Dołącz pierwszą etykiete!

MARC

LEADER 00000nam^a2200000^a^4500
001 000554927
005 20250526000000.0
009 20260310131709.066
037 |a Acervo ITESO - Biblioteca 
041 |a ING 
091 |a FHA. 00763 
100 |a Gutkind, E.A.  |e (autor) 
245 1 0 |a Urban Development in Southern Europe :  |b Spain and Portugal / 
264 4 |a Nueva York, EUA :  |b Free Press,  |c 1967, c1967 
300 |a XVII, 534 p. ;  |c 28.5 cm. 
336 |a texto  |b txt  |2 rdacontenido 
337 |a sin mediación  |b n  |2 rdamedio 
338 |a volumen  |b nc  |2 rdasoporte 
515 |a Inventario familia Hartung: 995 
649 |a XX 
910 |a Fondo Horst Hartung Franz 
920 |a Impresos - Libros 
930 |a Libros Antiguos y Raros 
905 |a 135 
901 |a 0500331758  |b IT2  |c LRA  |i D  |u 20250526 
902 |a https://opac.biblio.iteso.mx/vufind/Record/000554927